Villes de Meuse (Par habitants) - Statistiques

Statistiques générales
  • Ce quiz a été pris 92 fois
  • Le résultat moyen est 7 sur 15
Statistiques - réponses
Indices Réponses % Correct
16 002 Bar le duc
100%
19 147 Verdun
96%
6 498 Commercy
87%
4 564 Ligny en Barrois
68%
4 816 Saint Mihiel
62%
3 746 Etain
60%
2 797 Stenay
55%
3 149 Thierville sur Meuse
40%
3 206 Revigny sur Ornain
36%
3 082 Belleville sur Meuse
34%
2 083 Vaucouleurs
32%
2 824 Ancerville
21%
2 263 Fains Veel
19%
2 740 Bouligny
13%
1 706 Euville
13%
Aucun quiz correspondant
Distribution des résultats
% des personnes avec chaque résultat
Percentile par nombre de réponses
Votre historique - résultats
Vous n’avez pas pris ce quiz